000 01087nam a22003017a 4500
001 4722
003 FISKH
005 20240925132837.0
008 240925b cb ||||| |||| 00| 0 eng d
020 _a9780590187572
040 _aFISKH
_beng
_cFISKH
_dFISKH
050 _aPZ7.B15
082 _2823.914
100 _aM.Baglio, Ben
_d1960-
245 _aSheepdog in the snow /
_cBen M.Baglio Illustrations by Shelagh McNicholas Cover illustration by Mary Ann Lasher
250 _aFirst printing in 1998
260 _aNew York :
_bScholastic,
_c1998.
300 _a156 pages :
_billustrations ;
_c20cm
505 _aP
520 _aIt's Christmas at Animal Ark, and Mandy and James have an idea: a party for all the pets in Welford. But when a wounded stray sheepdog turns up, Mandy finds it hard to keep her holiday spirit while trying to save its life.
521 8 _a630L
_bLexile
521 8 _aP
_bRaz-Plus
650 _2Animal Ark
_aDogs
650 _2Realistic fiction
_aWinter
700 _aMcNicholas, Shelagh
_dIllustrator
942 _2ddc
_cBK
_n0
999 _c4722
_d4722